Банк в решении социальных задач в условиях интенсификации экономики

Bibliografiske detaljer
Hovedforfatter: Барковский Н. Д. Николай Дмитриевич
Summary:Исключено из фонда НТБ ТПУ
Sprog:russisk
Udgivet: Москва, Финансы и статистика, 1987
Format: MixedMaterials Bog
KOHA link:https://koha.lib.tpu.ru/cgi-bin/koha/opac-detail.pl?biblionumber=256036

MARC

LEADER 00000nam0a2200000 4500
001 256036
005 20231031215335.0
035 |a (RuTPU)RU\TPU\book\278677 
090 |a 256036 
100 |a 20140404d1987 k y0rusy50 ca 
101 0 |a rus 
102 |a RU 
105 |a y z 000zy 
200 1 |a Банк в решении социальных задач в условиях интенсификации экономики  |f Н. Д. Барковский 
210 |a Москва  |c Финансы и статистика  |d 1987 
215 |a 112 с.  |c ил. 
333 |a Исключено из фонда НТБ ТПУ 
700 1 |a Барковский  |b Н. Д.  |g Николай Дмитриевич 
801 1 |a RU  |b 63413507  |c 20140404 
801 2 |a RU  |b 63413507  |c 20220304  |g RCR 
942 |c BK